000
00243 a2200097 4500
082
_a
363.348068 GHO
100
_a
Ghosh,G.K.
245
_a
Disaster Management /
_c
G.K.Ghosh
260
_a
New Delhi :
_c
A.P.H.
_b
2006
300
_a
volumes :
_c
25cm
650
_a
disaster management
999
_c
1880
_d
1880